La MVP - Miky Woodz - Estadísticas

Estadísticas generales
  • Esta prueba ha sido intentada 29 veces
  • La puntuación promedio es 143 de 551
Estadísticas de respuestas
Letra % Correcto
a
100%
A
100%
c
67%
con
67%
De
67%
de
67%
e
67%
en
67%
es
67%
está
67%
I
67%
la
67%
La
67%
lo
67%
Lo
67%
m
67%
Me
67%
me
67%
MVP
67%
pa
67%
Pa
67%
por
67%
Por
67%
que
67%
Que
67%
qué
67%
se
67%
Se
67%
su
67%
ti
67%
tiene
67%
to
67%
un
67%
y
67%
bote
33%
botella
33%
buscaba
33%
chequea
33%
conseguí
33%
deja
33%
dice
33%
do
33%
dura
33%
El
33%
el
33%
Ella
33%
ella
33%
eso
33%
extinto
33%
grabo
33%
gusta
33%
hasta
33%
iguala
33%
instinto
33%
las
33%
le
33%
Le
33%
llevar
33%
Los
33%
ma
33%
más
33%
mi
33%
Miky
33%
Music
33%
Música
33%
nadie
33%
Nadie
33%
No
33%
no
33%
Nos
33%
nosotro
33%
o
33%
piquete
33%
Roncan
33%
sabe
33%
Si
33%
33%
si
33%
sin
33%
suave
33%
sustituye
33%
tan
33%
te
33%
TikTok
33%
tinto
33%
33%
tu
33%
vida
33%
vino
33%
Woo
33%
Woodz
33%
yo
33%
abusador
0%
ah
0%
amiga
0%
amor
0%
anda
0%
aquel
0%
aquí
0%
así
0%
atreva
0%
aumenta
0%
baby
0%
baila
0%
Barriga
0%
Bayona
0%
Bebé
0%
beso
0%
bichote
0%
bien
0%
bih
0%
Bloqueando
0%
brillan
0%
cada
0%
call
0%
canto
0%
cardio
0%
casi
0%
chillando
0%
chingamo
0%
Cógeme
0%
cogiendo
0%
color
0%
combis
0%
confía
0%
conocemo
0%
corazón
0%
cosa
0%
cuando
0%
cuarto
0%
cuenta
0%
cuerpote
0%
dale
0%
deba
0%
déjate
0%
despué
0%
día
0%
diamante
0%
digo
0%
dinero
0%
disminuye
0%
distinto
0%
enemiga
0%
Entre
0%
entrenador
0%
Entrenamos
0%
ere
0%
esboque
0%
ese
0%
Espero
0%
estuvo
0%
existe
0%
Ey
0%
ey
0%
fea
0%
fluye
0%
Fornicar
0%
fumar
0%
gana
0%
Gang
0%
gistro
0%
Gold2
0%
gone
0%
graben
0%
grandote
0%
hacer
0%
Hol
0%
hol
0%
huele
0%
idea
0%
Ih
0%
Ikea
0%
Im
0%
incluye
0%
Indicando
0%
infraganti
0%
it
0%
Ja
0%
ja
0%
jaja
0%
jajaja
0%
Jajajaja
0%
juquea
0%
juqueao
0%
Kali
0%
Kavy
0%
key
0%
know
0%
kr
0%
lao
0%
Latin
0%
little
0%
llegan
0%
llegó
0%
low
0%
lucen
0%
mall
0%
mañanero
0%
mejor
0%
móntate
0%
MPV
0%
Ni
0%
Ninguno
0%
nueva
0%
nunca
0%
OG
0%
Oh
0%
okey
0%
Okey
0%
pague
0%
panty
0%
paquete
0%
pasa
0%
Pasma
0%
Pequeña
0%
pero
0%
phillie
0%
piel
0%
pisamo
0%
pista
0%
playa
0%
polea
0%
pone
0%
pongan
0%
porque
0%
portero
0%
ppy
0%
premia
0%
Prende
0%
prendo
0%
prr
0%
Prr
0%
pruеba
0%
puñeta
0%
queda
0%
quien
0%
Quién
0%
quiere
0%
quiero
0%
Rompiendo
0%
salga
0%
sea
0%
Señor
0%
sofoque
0%
sol
0%
sola
0%
soy
0%
subió
0%
sun
0%
swaggy
0%
Swaggy
0%
tamaño
0%
Tamo
0%
tanto
0%
tenemo
0%
tenemos
0%
tengo
0%
toa
0%
tranquila
0%
Turn
0%
uh
0%
Uh
0%
uno
0%
up
0%
vamo
0%
van
0%
vapor
0%
vеces
0%
vea
0%
VIP
0%
what
0%
Wuh
0%
Yap
0%
yap
0%
Yapi
0%
yapi
0%
yeah
0%
Yeah
0%
You
0%
No se encontraron pruebas coincidentes
Distribución de puntuación
Porcentaje de gente con cada puntuación
Porcentaje por número respondido
Historial de tus puntuaciones
No has intentado esta prueba.